Normal view
MARC view
- Femmes
Entry Topical Term
001 - CONTROL NUMBER
- control field: 96090
003 - CONTROL NUMBER IDENTIFIER
- control field: NUST
005 - DATE AND TIME OF LATEST TRANSACTION
- control field: 20220801142302.0
008 - FIXED-LENGTH DATA ELEMENTS
- fixed length control field: 220801|| aca||aabn | a|a d
040 ## - CATALOGING SOURCE
- Original cataloging agency: NUST
- Transcribing agency: NUST
150 ## - HEADING--TOPICAL TERM
- Topical term or geographic name entry element: Femmes
- General subdivision: Suffrage
- Geographic subdivision: États-Unis
- Form subdivision: Romans, nouvelles, etc
670 ## - SOURCE DATA FOUND
- Source citation: Work cat.: (NUST)0: Chiaverini, Jennifer, author. 96077, The women's march :
